000 01114nas a2200385 4500
001 BR0302464
003 BR-BrBNA
005 20231205103806.0
007 ta
008 230509b bl.|||p| |||| 00| 00por d
040 _aBR-BrBNA
_bpor
_cBiblioteca Nacional de Agricultura
041 _a(Pt)
072 _aP33
100 1 _aKaminski, J.
100 1 _aGatiboni, L.C.
100 1 _aRheinheimer, D.S.
100 1 _aMartins, J.R.
100 1 _aSantos, E.J.S.
100 1 _aTissot, C.A.
245 1 _aEstimativa da acidez potencial em solos e sua implicação no cálculo da necessidade de calcário
650 _aSOLO
650 _aINCUBAÇÃO
650 _aACIDEZ DO SOLO
650 _aQUÍMICA DO SOLO
650 _aANÁLISE DO SOLO
650 _aESTIMATIVA
650 _aCÁLCIO
650 _aACETATO
650 _aMÉTODO
650 _aCALCÁRIO
650 _aANÁLISE COMPARATIVA
773 0 _tRevista Brasileira de Ciência do Solo (Brazil)
_xISSN 0100-0683
_g(Oct-Dec 2002), v. 26(4) p. 1107-1113
_wBR0302464
909 _a202311
_bLúcia
_c55
_dLúcia Elande
942 _2AGRIS
_n0
_cANA
999 _c174750
_d174750